Normal view
MARC view
Entry Personal Name
001 - CONTROL NUMBER
- control field: 41508
003 - CONTROL NUMBER IDENTIFIER
- control field: ARRUPE
005 - DATE AND TIME OF LATEST TRANSACTION
- control field: 20180413091959.0
008 - FIXED-LENGTH DATA ELEMENTS
- fixed length control field: 180413|| aca||aabn | a|a d
040 ## - CATALOGING SOURCE
- Original cataloging agency: ARRUPE
- Transcribing agency: ARRUPE
100 ## - HEADING--PERSONAL NAME
- Personal name: Calame-Griaule, Geneviève.
670 ## - SOURCE DATA FOUND
- Source citation: Work cat.: (ARRUPE)0: Calame-Griaule, Geneviève., Ethnologie et langage :, 1965.